Kapitoly z hospodárskej sociológie

Gespeichert in:
Bibliographische Detailangaben
1. Verfasser: Plávková, Oľga
Körperschaft: Ekonomická univerzita v Bratislave. Fakulta medzinárodných vzťahov
Weitere Verfasser: Škvrnda, František, Čukan, Karol
Format: Buch
Sprache:Slowakisch
Veröffentlicht: Bratislava Vydavateľstvo Ekonóm 2009
Schlagworte:
Tags: Tag hinzufügen
Keine Tags, Fügen Sie das erste Tag hinzu!

MARC

LEADER 00000nam a2200000 4500
001 0090826
005 20240502072020.8
020 |a 978-80-225-2651-7 
041 0 |a slo 
044 |a SK 
245 1 0 |a Kapitoly z hospodárskej sociológie  |c Oľga Plávková 
264 1 |a Bratislava  |b Vydavateľstvo Ekonóm  |c 2009 
300 |a 150 s. 
610 2 0 |a sociológia 
610 2 0 |a ekonómia 
610 2 0 |a sociológia práce 
610 2 0 |a spoločnosť 
610 2 0 |a trh práce 
610 2 0 |a pohyb síl pracovných medzinárodný 
610 2 0 |a Európska únia 
610 2 0 |a nezamestnanosť 
100 1 |a Plávková, Oľga 
700 1 |a Škvrnda, František 
700 1 |a Čukan, Karol 
710 2 |a Ekonomická univerzita v Bratislave. Fakulta medzinárodných vzťahov